| 000 | 01241nam a2200349 a 4500 | ||
|---|---|---|---|
| 003 | CHAP | ||
| 005 | 20220329143157.0 | ||
| 007 | vf cb om | ||
| 008 | 061026b2000 q 000 0 d | ||
| 010 | _a92936 | ||
| 011 | _a93908 | ||
| 035 | _a104491 | ||
| 040 | _cCHAP | ||
| 090 | _aVC-12 | ||
| 110 | 2 |
_aInstituto para el Desarrollo de Sistemas de Producción del Trópico Húmedo de Tabasco _959418 |
|
| 245 | 1 | 0 |
_aTecnología para la producción de hule en Tabasco (videograbación) _c/dir. por J. Manuel Tellaeche Bosch |
| 260 |
_aVillahermosa, Tab. : _bInstituto del Trópico Húmedo, _c2000. |
||
| 300 |
_a1 videocasete ( 22 min.) : _bson. ; col. _cFormato VHS |
||
| 590 |
_aBATCH-UPD _b10 _c20130110 _lUCH01 _h0122 |
||
| 590 |
_aBATCH-UPD _b10 _c20130110 _lUCH01 _h0756 |
||
| 590 |
_aBATCH-UPD _b10 _c20130410 _lUCH01 _h0436 |
||
| 590 |
_aBATCH-UPD _b10 _c20130914 _lUCH01 _h0901 |
||
| 590 |
_aCONVERSION _b10 _c20130109 _lUCH01 _h1351 |
||
| 650 | 1 | 4 |
_aCaucho _xRendimiento. _920564 |
| 650 | 1 | 4 |
_aCaucho _xTabasco. _920565 |
| 650 | 1 | 4 |
_aInnovaciones tecnológicas. _958829 |
| 700 | 1 |
_aTellaeche Bosch, J. Manuel _edir. _9112091 |
|
| 901 | _aBK | ||
| 905 | _aLilia | ||
| 942 | _cV | ||
| 949 |
_aVC-12 _bBC _cV _d33724002000538 _eV _i104491 _sb |
||
| 999 |
_c92936 _d92936 |
||